000
00341 a2200169 4500
001
190053
020
_a
978-85-741-2100-0
040
_c
Magnum
100
_a
Dheur, Valérie
240
1
0
_a
O beijo
_l
por
245
1
0
_a
O beijo
300
_a
362
0
_a
2009
440
1
_a
Brinque-Book
697
_a
LITERATURA INFANTIL
942
_c
BK
999
_c
190053
_d
190053